Základy automatizovaného zpracování dat

Na minha lista:
Detalhes bibliográficos
Autor principal: Adamec, Stanislav
Autor Corporativo: Vysoká škola ekonomická v Praze. Fakulta řízení
Outros Autores: Ehleman, Jan
Formato: Livro
Idioma:tcheco
Publicado em: Praha Státní pedagogické nakladatelství 1984
Tags: Adicionar Tag
Sem tags, seja o primeiro a adicionar uma tag!

MARC

LEADER 00000nam a2200000 4500
001 c108860
005 20190408130806.8
041 0 |a cze 
044 |a CZ 
245 1 0 |a Základy automatizovaného zpracování dat  |c Stanislav Adamec, Jan Ehleman 
264 1 |a Praha  |b Státní pedagogické nakladatelství  |c 1984 
300 |a 195 s. 
100 1 |a Adamec, Stanislav 
700 1 |a Ehleman, Jan 
710 2 |a Vysoká škola ekonomická v Praze. Fakulta řízení